| 000 | 01962nam0a2200373 4500 | ||
|---|---|---|---|
| 001 | RU\NLR\BIBL_A\022321323 | ||
| 005 | 20250702131239.0 | ||
| 010 | _a978-5-00165-784-2 | ||
| 035 | _a(NLR Aleph) 022321323 | ||
| 090 |
_a13324986 _c13324986 |
||
| 100 | _a20240912d2024 |||y0rusy50 ca | ||
| 101 | 0 | _arus | |
| 102 | _aRU | ||
| 105 | _aac z 000yd | ||
| 181 | 0 |
_ai _baxxe |
|
| 182 | 0 | _an | |
| 200 | 1 |
_aЖелание видеть _eпосвящена описанию творческих биографий выдающихся художников: Рублев, Джотто, Брейгель, Босх, Леонардо да Винчи, Дюрер, Тициан, Эль Греко, Веласкес, Пуссен, Рембрандт, Вермеер, Каналетто, Гойя, Делакруа, Сезанн, Врубель _fС. Ялкут, Ю. Шейнис |
|
| 203 |
_aТекст _bвизуальный _cнепосредственный |
||
| 210 |
_aСанкт-Петербург _cАлетейя _d2024 |
||
| 215 |
_a233, [1] с. _cил., портр. _d24 |
||
| 300 | _aНа авантит.: Независимый альянс | ||
| 333 | _a16+ | ||
| 606 | 1 |
_aИзобразительное искусство _jБиографии _92077705 _3RU\NLR\AUTH\661253401 |
|
| 686 | 1 | _aЩ103(0)-8 | |
| 700 | 1 |
_aЯлкут _bС. И. _gСелим Исаакович |
|
| 701 | 1 |
_aШейнис _bЮ. П. _gЮлий Петрович |
|
| 856 | 4 | 1 |
_lVNP_UCHZ _tVIEW _uhttps://webservices.nlr.ru/viewer/file?name=t022321323_001.jpg _yОбложка |
| 856 | 4 |
_lVNP_UCHZ _tVIEW _uhttps://webservices.nlr.ru/viewer/file?name=a022321323_002.txt _yАннотация |
|
| 856 | 4 |
_lVNP_UCHZ _tVIEW _uhttps://webservices.nlr.ru/viewer/file?name=p022321323_003.jpg _x001 _yСтраница |
|
| 942 | _cBOOK | ||
| 980 | 4 | _aVNP_UCHZ | |
| 980 | _aNB | ||